Top 10 Longest International Land Borders - Statistics

General Stats
  • This quiz has been taken 77 times
  • The average score is 7 of 10
Answer Stats
Border Length Country 1 - Country 2 % Correct
8893 km / 5526 mi Canada - USA
92%
6691 km / 4158 mi Argentina - Chile
82%
4630 km / 2877 mi China - Mongolia
82%
4133 km / 2568 mi China - Russia
82%
7644 km / 4750 mi Kazakhstan - Russia
79%
3155 km / 1960 mi Mexico - USA
77%
3452 km / 2145 mi Mongolia - Russia
76%
3190 km / 1982 mi India - Pakistan
64%
3403 km / 2115 mi Bolivia - Brazil
44%
4142 km / 2574 mi Bangladesh - India
39%
No matching quizzes found
Score Distribution
Percent of People with Each Score
Percentile by Number Answered
Your Score History
You have not taken this quiz